Cuba at a glance /

Bibliographic Details
Main Author: O'Hagan, Anne, 1869-
Other Authors: Kaufman, Emma B.
Format: Book
Language:English
Published: New York : R. H. Russell, 1898.
Subjects:

MARC

Tag First Indicator Second Indicator Subfields
LEADER 00000cam a2200000 4500
001 in00000208607
005 20151009060032.0
008 760608s1898 nyubh 00010 eng
010 |z  03025483 rev 
035 |a (OCoLC)02216015 
035 |9 AAX2491AM 
040 |c FTU  |d TXA  |d UtOrBLW 
049 |a TXAS  |c [1099562] 
050 0 0 |a F1786  |b .O36 
100 1 |a O'Hagan, Anne,  |d 1869- 
245 1 0 |a Cuba at a glance /  |c by A. O'Hagan and E. B. Kaufman, with an introd. by President T. Estrada Palma of the Cuban Junta. 
264 1 |a New York :  |b R. H. Russell,  |c 1898. 
300 |a 107 pages :  |b facsimiles, folded map ;  |c 20 cm. 
336 |a text  |b txt  |2 rdacontent 
337 |a unmediated  |b n  |2 rdamedia 
338 |a volume  |b nc  |2 rdacarrier 
600 1 0 |a Remington, Frederic,  |d 1861-1909. 
651 0 |a Cuba  |x History. 
651 0 |a Cuba  |x History  |y Revolution, 1895-1898. 
700 1 |a Kaufman, Emma B. 
999 |a MARS 
999 f f |s 9c8e316f-c088-3524-b649-9d3c396ab049  |i bc38cb16-a93d-317a-a245-186074299a78  |t 0 
952 f f |p noncirc  |a Texas A&M University  |b College Station  |c Cushing Memorial Library & Archives  |d Cushing: Kelsey Illustrators (Does not check out)  |t 0  |e F1786 .O36  |h Library of Congress classification  |i unmediated -- volume  |m A14800360350 
998 f f |a F1786 .O36  |t 0  |l Cushing: Kelsey Illustrators (Does not check out)